Toán 6 T.2

Salvato in:
Dettagli Bibliografici
Autore principale: Phan, Đức Chính
Altri autori: Tôn, Thân
Natura: Libro
Lingua:Undetermined
Pubblicazione: H. Giáo dục 2006
Soggetti:
Accesso online:http://lrc.tdmu.edu.vn/opac/search/detail.asp?aID=2&ID=4803
Tags: Aggiungi Tag
Nessun Tag, puoi essere il primo ad aggiungerne! !
Thư viện lưu trữ: Trung tâm Học liệu Trường Đại học Thủ Dầu Một
LEADER 00633nam a2200217Ia 4500
001 TDMU_4803
008 210410s9999 xx 000 0 und d
082 |a 510.71 
090 |b PH105 
100 |a Phan, Đức Chính 
245 0 |a Toán 6 
245 0 |c Phan Đức Chính 
245 0 |n T.2 
260 |a H. 
260 |b Giáo dục 
260 |c 2006 
300 |a 99tr 
650 |a Toán học  |x Dạy và học; Sách lớp 6  |v Giáo khoa 
700 |a Tôn, Thân 
856 |u http://lrc.tdmu.edu.vn/opac/search/detail.asp?aID=2&ID=4803 
980 |a Trung tâm Học liệu Trường Đại học Thủ Dầu Một